| 000 | 00502nam a22001571c 4500 | ||
|---|---|---|---|
| 001 | a987654950 | ||
| 008 | 070201s2007 gw |||| 000u ger d | ||
| 245 | 0 | 0 |
_aZwischen Amnesie und Nostalgie :Die Erinnerung an den Kommunismus in Südosteuropa / _cHrsg. Ulf Brunnbauer; Hrsg. Stefan Troebst |
| 264 |
_aKöln : _bBöhlau, _c2007 |
||
| 300 | _a308 S. | ||
| 700 | 1 |
_aBrunnbauer, Ulf _eHerausgeberIn |
|
| 942 | _cMG | ||
| 040 | _cRU-10907106 | ||
| 003 | RU-10907106 | ||
| 999 |
_c12025 _d12025 |
||
| 490 | 0 |
_aVisuelle Geschichtskultur _v2 |
|